|
|
|
|
| LEADER |
01568nam a2200325 4500 |
| 001 |
DLU130146595 |
| 005 |
##20130329 |
| 040 |
# |
# |
|a DLU
|b vie
|
| 041 |
# |
# |
|a vie
|
| 044 |
# |
# |
|a vn
|
| 082 |
# |
# |
|a 006.68
|b KH-H
|
| 100 |
# |
# |
|a Khải Hoàn,
|c ThS.
|
| 245 |
# |
# |
|a Hướng dẫn thực hành Adobe Illustrator CS6 :
|b Chỉ dẫn bằng hình - Học 1 biết 10 : Chuyên dùng cho việc vẽ hình minh hoạ; Gồm 10 bài học đơn giản và dễ hiểu; Bố cục chặt chẽ, hưỡng dẫn cụ thể kèm theo hình ảnh minh hoạ /
|c Khải Hoàn.
|
| 260 |
# |
# |
|a H. :
|b Giao thông Vận tải,
|c 2011.
|
| 300 |
# |
# |
|a 416 tr. :
|b minh hoạ ;
|c 24 cm.
|
| 490 |
# |
# |
|a Tủ sách giỏi một nghề - Hưởng trọn đời.
|
| 505 |
# |
# |
|a Bài 1. Tìm hiểu vùng làm viếc Adobe Illustrator CS6 -- Bài 2. Sử dụng công cụ chọn và canh chỉnh -- Bài 3. Tạo và biên tấp các hình dạng -- Bài 4. Biến đổi các đối tượng -- Bài 5. Vẽ bàng các công cụ Pen và pencil -- Bài 6. Kỹ thuật màu và tô -- Bài 7. Làm việc với Type -- Bài 8. Làm việc với các Layer -- Bài 9. Phối cảnh bản vẽ trong Illustrator CS6 -- Bài 10. Hoà trọn các màu và hình dạng.
|
| 650 |
# |
# |
|a Đồ hoạ vi tính.
|
| 650 |
# |
# |
|a Adobe Illustrator (Tệp máy tính).
|
| 923 |
# |
# |
|a 08/2012
|
| 991 |
# |
# |
|a GT
|
| 992 |
# |
# |
|a 97000
|
| 994 |
# |
# |
|a DLU
|
| 900 |
# |
# |
|a True
|
| 911 |
# |
# |
|a Đào Thị Thu Huyền
|
| 925 |
# |
# |
|a G
|
| 926 |
# |
# |
|a A
|
| 927 |
# |
# |
|a SH
|
| 980 |
# |
# |
|a Thư viện Trường Đại học Đà Lạt
|